00727nam a2200229Ia 4500003000900000005001700009008004100026040003300067041000800100080001200108100001800120245007200138260003200210300001700242650001000259650001800269650007200287650001700359942000700376952009700383999001700480LK-CoDNM20240930100821.0010623t1909 xxu||||| |||| 00| 1 eng d aLK-CoDNMdLK-CoDNMeLK-CoDNM aeng a24bK13 aSueter,E.B.F. aIndex to Proclamations and Notifications Under Ordinances 1860-1908 bH.M.RichardsaColomboc1909 b76p. : 23 cm a24K13 aSueter,E.B.F. aIndex to Proclamations and Notifications Under Ordinances 1860-1908 aH.M.Richards cBK 001041708OLAaMAINbMAINcREFd2024-09-30l0o24 K13pOJP2180r2024-09-30w2024-09-30yBK c87037d87037